Score 0/16 Timer 10:00
0 Plays Today
Hint Answer % Correct
Over 25Fleur East
91.4%
Over 25Ben Haenow
88.6%
GroupOnly The Young
85.7%
GirlLauren Platt
82.9%
GroupStereo Kicks
82.9%
Over 25Jay James
80%
BoyJack Walton
80%
BoyPaul Akister
77.1%
Hint Answer % Correct
BoyAndrea Faustini
77.1%
Over 25Stevie Ritchie
74.3%
BoyJake Quickenden
74.3%
GirlLola Saunders
71.4%
GirlStephanie Nala
68.6%
GirlChloe Jasmine
68.6%
GroupBlonde Electra
68.6%
GroupOverload Generation
62.9%
Remove Ads.
Support Sporcle.
Get the best of Sporcle when you Go Orange. This ad-free experience offers more features, more stats, and more fun while also helping to support Sporcle. Thank you for becoming a member.

You're not logged in!

Compare scores with friends on all Sporcle quizzes.
OR
Log In

Show Comments

Extras

Created Dec 13, 2014ReportNominate
Tags:2014, factor, finalist, X Factor

Top Quizzes Today


Score Distribution

Your Account Isn't Verified!

In order to create a playlist on Sporcle, you need to verify the email address you used during registration. Go to your Sporcle Settings to finish the process.

Report this User

Report this user for behavior that violates our Community Guidelines.

Details: